000 00946pam a2200301 a 4500
001 3523
005 20250820085816.0
020 _a0590443895
040 _aDLC
_beng
_erda
_cDLC
_dDLC
_dDLC
050 0 0 _aPZ7.M9534
_b 1986
082 0 0 _a823.914
100 1 _aMurphy, Jill
_d1949-2021,
_eauthor
245 1 0 _aFive minutes' peace /
_cJill Murphy
250 _aFirst Scholastic printing, November 1990
260 _aNew York :
_bScholastic ,
_c1990
300 _a28 unnmbered pages :
_bcolor illustrator ;
_c20 cm .
490 _aThe Large Family
505 _aK
520 _aMrs. Large tries to take a peaceful, relaxing bath but her family has other ideas.
521 _a520
_bLexile
521 _aK
_bRaz-Plus
650 1 _aElephants
_xFiction
650 1 _aMothers
_xFiction
650 1 _aFamily life
_xFiction
650 1 _aHumorous stories
906 _a7
_bcbc
_corignew
_d1
_eocip
_f19
_gy-gencatlg
942 _2ddc
_cBK
_n0
999 _c3523
_d3523